25 Największych miast Wielkiej Brytanii z mapą - Statystyki

Ogólne statystyki
  • Ten quiz został rozwiązany 34 razy
  • Średni wynik to 16 z 25
Odpowiedzi na mapie
Odpowiedzi zakodowano w zielono-czerwonej skali na mapie do tego quizu, zgodnie z poniższymi procentami.
 
Statystyki odpowiedzi
Kraj Miasto Ludność % Poprawnych
Anglia Birmingham 1,1 mln
100%
Szkocja Glasgow 630k
100%
Anglia Liverpool 510k
100%
Anglia Londyn 8,7 mln
100%
Anglia Manchester 470k
100%
Irlandia Północna Belfast 450k
95%
Walia Cardiff 350k
95%
Szkocja Edynburg 510k
95%
Anglia Leeds 530k
95%
Anglia Southampton 250 tys.
86%
Anglia Newcastle 285 tys.
81%
Anglia Leicester 410k
71%
Anglia Nottingham 300k
67%
Anglia Sheffield 500k
62%
Anglia Brighton and Hove 275 tys.
57%
Anglia Bristol 420k
57%
Anglia Luton 235 tys.
52%
Anglia Plymouth 265 tys.
48%
Anglia Wolverhampton 235 tys.
48%
Anglia Coventry 340k
38%
Anglia Derby 275 tys.
33%
Anglia Bradford 330k
24%
Anglia Stoke-on-Trent 260 tys.
19%
Anglia Northampton 245 tys.
14%
Anglia Kingston upon Hull 270 tys.
10%
Nie znaleziono quizów pasujących do podanych kryteriów
Rozkład punktacji
Procent ludzi z każdym wynikiem
Percentyl według liczby udzielonych odpowiedzi
Twoja historia wyników
Nie rozwiązałeś tego quizu